000 00865nac a22002777a 4500
001 BR9802179
003 BR-BrBNA
005 20240105122017.0
008 230509b bl.|||m| |||| 00| 0 por d
040 _aBR-BrBNA
_bpor
_cBiblioteca Nacional de Agricultura
072 _aL10
090 _a5212 BR9802179
100 1 _aCarvalho, J.H. de
110 1 _aCentro de Pesquisa Agropecuaria do Meio Norte, Teresina, PE (Brasil)
_91560
245 1 _aPotencial economico do bovino pe-duro
260 3 _aTeresina, PI (Brasil):
_c1997.
300 _a3 p.
490 _aDocumentos - Centro de Pesquisa Agropecuaria do Meio Norte (Brazil)
_vno. 26
_x
500 _a10 ref.
650 _aGado
650 _aRaca
650 _aMelhoramento Genetico Animal
650 _aCruzamento Animal
909 _a202312
_bLúcia Elande
_c55
_dLúcia Elande
942 _2AGRIS
_n0
_cMS
999 _c288718
_d288718